XXXII Congreso Colombiano de Derecho Procesal (Registro nro. 123962)

Detalles MARC
000 -CABECERA
campo de control de longitud fija 00593nam a2200217Ia 4500
001 - NÚMERO DE CONTROL
campo de control 123962
003 - IDENTIFICADOR DEL NÚMERO DE CONTROL
campo de control 214994
005 - FECHA Y HORA DE LA ÚLTIMA TRANSACCIÓN
campo de control 20251209221551.0
008 - DATOS DE LONGITUD FIJA--INFORMACIÓN GENERAL
campo de control de longitud fija ||||||n9999 ||| || ||
082 ## - NÚMERO DE LA CLASIFICACIÓN DECIMAL DEWEY
Número de clasificación 347861
111 ## - ENTRADA PRINCIPAL--NOMBRE DE CONGRESO/REUNIÓN
Nombre de congreso/reunión o jurisdicción como elemento de entrada Congreso Colombiano de Derecho Procesal
9 (RLIN) 148216
245 #0 - MENCIÓN DE TÍTULO
Título XXXII Congreso Colombiano de Derecho Procesal
562 ## - NOTA DE IDENTIFICACIÓN DE LA COPIA Y VERSIÓN
Número de copias 1
526 ## - NOTA DE INFORMACIÓN SOBRE EL PROGRAMA DE ESTUDIO
Nombre del programa 51868 - ADMINISTRACIÓN PÚBLICA - Presencial
526 ## - NOTA DE INFORMACIÓN SOBRE EL PROGRAMA DE ESTUDIO
Nombre del programa 1697 - ADMINISTRACIÓN PÚBLICA TERRITORIAL - A distancia
650 #0 - PUNTO DE ACCESO ADICIONAL DE MATERIA--TÉRMINO DE MATERIA
Término de materia o nombre geográfico como elemento de entrada Derecho procesal
9 (RLIN) 10305
650 ## - PUNTO DE ACCESO ADICIONAL DE MATERIA--TÉRMINO DE MATERIA
Término de materia o nombre geográfico como elemento de entrada DERECHO PROCESAL LABORAL
9 (RLIN) 147788
650 #0 - PUNTO DE ACCESO ADICIONAL DE MATERIA--TÉRMINO DE MATERIA
Término de materia o nombre geográfico como elemento de entrada Procedimiento civil
9 (RLIN) 11261
650 ## - PUNTO DE ACCESO ADICIONAL DE MATERIA--TÉRMINO DE MATERIA
Término de materia o nombre geográfico como elemento de entrada PROCEDIMIENTO PENAL--COLOMBIA
9 (RLIN) 148217
942 ## - ELEMENTOS DE PUNTO DE ACCESO ADICIONAL (KOHA)
Tipo de ítem Koha Libro
Existencias
Estado de retiro Estado de pérdida Estado dañado No para préstamo Código de colección Localización permanente Ubicación/localización actual Coste, precio normal de compra Total de préstamos Signatura topográfica completa Código de barras Fecha visto por última vez Número de copia Tipo de ítem Koha
        General Bogotá - Sede Central Bogotá - Sede Central 0.00   347.861 C65 v32 118982 22/02/2026 1 Libro